|
|
|
|
| LEADER |
00000nam0a2200000 4500 |
| 001 |
308872 |
| 005 |
20231102002133.0 |
| 035 |
|
|
|a (RuTPU)RU\TPU\book\334193
|
| 090 |
|
|
|a 308872
|
| 100 |
|
|
|a 20151107d1981 km y0rusy50 ca
|
| 101 |
0 |
|
|a rus
|
| 102 |
|
|
|a RU
|
| 105 |
|
|
|a a z 000zy
|
| 200 |
1 |
|
|a Альбом кривых зондирования становлением поля в ближней зоне с индукционным возбуждением в горизонтально-неоднородных средах (по результатам моделирования)
|h Вып. 11
|f Сибирский научно-исследовательский институт геологии, геофизики и минерального сырья (СНИИГГиМС) ; под ред. Б. И. Рабиновича
|
| 210 |
|
|
|a Новосибирск
|c Изд-во СНИИГГиМС
|d 1981
|
| 215 |
|
|
|a 39 с.
|c ил.
|
| 606 |
1 |
|
|a Электромагнитные методы разведки
|2 stltpush
|3 (RuTPU)RU\TPU\subj\71710
|9 85493
|
| 610 |
1 |
|
|a альбомы
|
| 610 |
1 |
|
|a неоднородные среды
|
| 610 |
1 |
|
|a магнитные поля
|
| 610 |
1 |
|
|a индукционное зондирование
|
| 610 |
1 |
|
|a кривые
|
| 675 |
|
|
|a 550.837
|v 4
|
| 702 |
|
1 |
|a Рабинович
|b Б. И.
|4 340
|
| 712 |
0 |
2 |
|a Сибирский научно-исследовательский институт геологии, геофизики и минерального сырья (СНИИГГиМС)
|c (Новосибирск)
|2 stltpush
|3 (RuTPU)RU\TPU\col\322
|
| 801 |
|
1 |
|a RU
|b 63413507
|c 20151107
|
| 801 |
|
2 |
|a RU
|b 63413507
|c 20191021
|g RCR
|
| 942 |
|
|
|c BK
|